Электроаналитические свойства производных антипирина и бенздиазепина: автореферат диссертации на соискание ученой степени кандидата химических наук; спец. 02.00.02

Detalles Bibliográficos
Autor Principal: Башкатова Н. В. Наталия Владимировна
Autor Corporativo: Томский политехнический университет
Outros autores: Карбаинов Ю. А. Юрий Александрович (научный руководитель)
Summary:Заглавие с титульного экрана
Электронная версия печатной публикации
Idioma:ruso
Publicado: Томск, [Б. и.], 2007
Subjects:
Acceso en liña:http://www.lib.tpu.ru/fulltext/a/2007/51.pdf
Formato: MixedMaterials Electrónico Libro
KOHA link:https://koha.lib.tpu.ru/cgi-bin/koha/opac-detail.pl?biblionumber=122084

MARC

LEADER 00000nlm0a2200000 4500
001 122084
005 20231101215723.0
035 |a (RuTPU)RU\TPU\book\132206 
090 |a 122084 
100 |a 20070926d2007 k y0rusy50 ca 
101 0 |a rus 
102 |a RU 
105 |a a dm 001zy 
135 |a drbn ---uucaa 
181 0 |a i  
182 0 |a b 
200 1 |a Электроаналитические свойства производных антипирина и бенздиазепина  |b Электронный ресурс  |e автореферат диссертации на соискание ученой степени кандидата химических наук  |e спец. 02.00.02  |f Н. В. Башкатова  |g Томский политехнический университет ; науч. рук. Ю. А. Карбаинов 
203 |a Текст  |c электронный 
210 |a Томск  |c [Б. и.]  |d 2007 
215 |a 1 файл (456 Kb) 
230 |a Электронные текстовые данные (1 файл : 456 Kb) 
300 |a Заглавие с титульного экрана 
300 |a Электронная версия печатной публикации 
337 |a Adobe Reader 
452 1 |0 (RuTPU)RU\TPU\book\128296  |t Электроаналитические свойства производных антипирина и бенздиазепина  |o автореферат диссертации на соискание ученой степени кандидата химических наук  |o спец. 02.00.02  |f Н. В. Башкатова  |g Томский политехнический университет; науч. рук. Ю. А. Карбаинов  |c Томск  |n Б.и.  |d 2007  |p 20 с.  |a Башкатова, Наталия Владимировна 
606 1 |a Электрохимический анализ  |2 stltpush  |3 (RuTPU)RU\TPU\subj\21012  |9 46064 
606 1 |a Антипирины  |x Химия  |2 stltpush  |3 (RuTPU)RU\TPU\subj\78561  |9 87851 
606 1 |a Бенздиазепины  |x Химия  |2 stltpush  |3 (RuTPU)RU\TPU\subj\78562  |9 87852 
610 1 |a органические соединения 
610 1 |a электрохимические свойства 
610 1 |a антиоксидантные свойства 
610 1 |a квантово-химические параметры 
610 1 |a электрохимические реакции 
610 1 |a вольтамперометрия 
610 1 |a электроаналитические свойства 
610 1 |a антипирин 
610 1 |a галогенпроизводные 
610 1 |a стеариновая кислота 
610 1 |a антипириламид 
610 1 |a количественное химическое определение 
610 1 |a авторефераты диссертаций 
610 1 |a труды учёных ТПУ 
610 1 |a электронный ресурс 
675 |a 543.55(04)  |v 3 
675 |a 547.77(04)  |v 3 
675 |a 547.89(04)  |v 3 
686 |a 02.00.02  |2 oksvnk 
700 1 |a Башкатова  |b Н. В.  |g Наталия Владимировна 
702 1 |a Карбаинов  |b Ю. А.  |c российский электрохимик и электроаналитик  |c профессор Томского политехнического университета  |f 1940-2007  |g Юрий Александрович  |2 stltpush  |3 (RuTPU)RU\TPU\pers\15852  |4 727 
712 0 2 |a Томский политехнический университет  |2 stltpush  |3 (RuTPU)RU\TPU\col\376 
801 1 |a RU  |b 63413507  |c 20070926  |g PSBO 
801 2 |a RU  |b 63413507  |c 20190208  |g RCR 
856 4 |u http://www.lib.tpu.ru/fulltext/a/2007/51.pdf 
942 |c CF